000 00665nam a2200217Ia 4500
005 20241129110930.0
008 241129s9999||||xx |||||||||||||| ||und||
020 _a978-0-367-89636-2
037 _aTB
040 _aCRL
_beng
_cCRL
041 _aeng
_2eng
084 _aV2.N R0
_qCRL
100 _aDutta Sutapa Ed.; Mukherjee Nilanjana Ed.
_9722847
245 0 _aMapping India: transitions and transformations, 18th -19th century
_cDutta Sutapa Ed.; Mukherjee Nilanjana Ed.
260 _aLondon, UK
_bRoutledge
_c2020
300 _axiii,280p.
365 _aINR
_b995
650 _aIndian History
942 _cTB
_hV2.N R0
999 _c1228156
_d1228156